000 00701nam a2200253Ia 4500
001 dia_1362
003 CHAP
005 20251027153307.0
008 220117s1991 xx 000 0 und d
010 _a171910
040 _cCHAP
082 _a576.163 V3
100 _aVarnam, A.H
_9150608
240 _aFoodborne Pathogens
245 _aFoodborne pathogens /
_c by a.h varnam
260 _aEngland, wolfe publishing ltd
_c1991
300 _a557 p
500 _aI . 174708
600 _aalimento- bactereologia./ 2. alimentos - atralesis i.t
_9150609
901 _a576.163 V3
902 _aM
905 _a0000001991 EUAA 0000000000ING00
942 _cLIBRO
_2ddc
999 _c171910
_d171910